Eclesiogénesis : (Registro nro. 16403)

Detalles MARC
000 -LEADER
campo de control de longitud fija 02029cam a2200433 4500
003 - IDENTIFICADOR DE NÚMERO DE CONTROL
campo de control PE-LiUPU
005 - FECHA Y HORA DE LA ÚLTIMA TRANSACCIÓN
campo de control 20250731172911.0
008 - DATOS DE LONGITUD FIJA--INFORMACIÓN GENERAL
campo de control de longitud fija 230831b |||||||| |||| 00| 0 spa d
020 ## - NÚMERO INTERNACIONAL ESTÁNDAR DEL LIBRO
Número Internacional Estándar del Libro 8429305513
040 ## - FUENTE DE CATALOGACIÓN
Centro catalogador/agencia de origen PE-LiUPU
Lengua de catalogación spa
Centro/agencia transcriptor PE-LiUPU
Centro/agencia modificador PE-LiUPU
Normas de descripción rda
082 04 - NÚMERO DE LA CLASIFICACIÓN DECIMAL DEWEY
Número de clasificación 262.001
Cutter B673e
Número de edición 23
100 1# - ENTRADA PRINCIPAL--NOMBRE DE PERSONA
Nombre de persona Boff, Leonardo
Fechas asociadas al nombre 1938-
Término indicativo de función/relación autor
245 ## - MENCIÓN DEL TÍTULO
Título Eclesiogénesis :
Resto del título Las comunidades de base reinventan la iglesia /
Mención de responsabilidad, etc. Leonardo Boff; traducción de Juan Carlos Rodríguez Herranz.
264 #1 - PRODUCCIÓN, PUBLICACIÓN, DISTRIBUCIÓN, FABRICACIÓN Y COPYRIGHT
Producción, publicación, distribución, fabricación y copyright Santander :
Nombre del de productor, editor, distribuidor, fabricante Editorial Sal Terrae,
Fecha de producción, publicación, distribución, fabricación o copyright 1979
300 ## - DESCRIPCIÓN FÍSICA
Extensión 130 páginas :
Otras características físicas ilustraciones ;
Dimensiones 21 centímetros.
490 0# - MENCIÓN DE SERIE
Mención de serie (Colección Presencia Teológica ;
Designación de volumen o secuencia 2)
504 ## - NOTA DE BIBLIOGRAFÍA, ETC.
Nota de bibliografía, etc. Notas bibliográficas
505 0# - NOTA DE CONTENIDO CON FORMATO
Nota de contenido con formato La comunidad de base como una nueva experiencia de Iglesia -- ¿Qué futuro tiene la comunidad? -- ¿La comunidad de base es Iglesia o sólo elementos eclesiales? -- Comunidades eclesiales de base y reinvención de la Iglesia -- ¿En qué podrán contribuir las comunidades de base a la superación de la actual estructura de la iglesia? -- Características de una iglesia encarnada en las clases oprimidas: notas teológicas de la iglesia base -- Quiso el Jesús histórico una única forma institucional de la iglesia? -- El seglar y el poder de celebrar la Cena del Señor -- El sacerdocio de la mujer y sus posibilidades.
526 ## - NOTA DE INFORMACIÓN SOBRE EL PROGRAMA DE ESTUDIO
Nombre del programa Segunda Especialidad En Profecías Bíblicas
526 ## - NOTA DE INFORMACIÓN SOBRE EL PROGRAMA DE ESTUDIO
Nombre del programa Segunda Especialidad En Nuevo Testamento
526 ## - NOTA DE INFORMACIÓN SOBRE EL PROGRAMA DE ESTUDIO
Nombre del programa Segunda Especialidad En Antiguo Testamento
526 ## - NOTA DE INFORMACIÓN SOBRE EL PROGRAMA DE ESTUDIO
Nombre del programa Segunda Especialidad En Estudios Adventistas
526 ## - NOTA DE INFORMACIÓN SOBRE EL PROGRAMA DE ESTUDIO
Nombre del programa Doctorado en teología
526 ## - NOTA DE INFORMACIÓN SOBRE EL PROGRAMA DE ESTUDIO
Nombre del programa Maestría en teología histórica
526 ## - NOTA DE INFORMACIÓN SOBRE EL PROGRAMA DE ESTUDIO
Nombre del programa Maestría en teología bíblica
526 ## - NOTA DE INFORMACIÓN SOBRE EL PROGRAMA DE ESTUDIO
Nombre del programa Maestría en teología
526 ## - NOTA DE INFORMACIÓN SOBRE EL PROGRAMA DE ESTUDIO
Nombre del programa Maestría en misionología
526 ## - NOTA DE INFORMACIÓN SOBRE EL PROGRAMA DE ESTUDIO
Nombre del programa Maestría en liderazgo eclesiástico
526 ## - NOTA DE INFORMACIÓN SOBRE EL PROGRAMA DE ESTUDIO
Nombre del programa Teología
650 #0 - PUNTO DE ACCESO ADICIONAL DE MATERIA--TÉRMINO DE MATERIA
Término de materia o nombre geográfico como elemento de entrada Comunidades cristianas
Subdivisión general Iglesia Católica
9 (RLIN) 2310
650 #0 - PUNTO DE ACCESO ADICIONAL DE MATERIA--TÉRMINO DE MATERIA
Término de materia o nombre geográfico como elemento de entrada Teología de la liberación
9 (RLIN) 2311
650 #0 - PUNTO DE ACCESO ADICIONAL DE MATERIA--TÉRMINO DE MATERIA
Término de materia o nombre geográfico como elemento de entrada Renovación de la Iglesia
Subdivisión cronológica Siglo XX
9 (RLIN) 2312
700 ## - ENTRADA AGREGADA--NOMBRE PERSONAL
Nombre de persona Rodríguez Herranz, Juan Carlos,
Término indicativo de función/relación traductor.
9 (RLIN) 2313
910 ## - DATOS DE OPCIÓN DEL USUARIO (OCLC)
Datos de opción del usuario aj-kc
942 ## - ELEMENTOS DE ENTRADA SECUNDARIOS (KOHA)
Fuente del sistema de clasificación o colocación Clasificación Decimal Dewey
Tipo de ítem Koha Libros físicos
Suprimir en OPAC No
949 ## - PROCESAMIENTO DE INFORMACIÓN LOCAL (OCLC)
a 262.001 B673e
i 19541
l CCODEBUL1
m BUL
t LIBRO
o .STAFF. Circulación
980 ## - EQUIVALENCIA O REFERENCIA-CRUZADA-MENCIÓN DE SERIE--NOMBRE DE PERSONA/TÍTULO [LOCAL, CANADÁ]
ID del último usuario que modificó el registro 1
Nombre del último usuario que modificó el registro ALBERTO SANCHEZ Responsable de Automatización
Existencias
Visto por última vez Número de inventario Total de préstamos Signatura topográfica completa Código de barras Copia número Fecha de reemplazo Facultad Tipo de ítem Koha Nota pública Estado de pérdida Fuente del sistema de clasificación o colocación Restricciones de uso No para préstamo Colección Programa académico Biblioteca de origen Biblioteca actual Ubicación en estantería Fecha de adquisición Fuente de adquisición
2025-12-02 6   262.001 B673e 19541 e1 2015-06-17   Libros físicos inventario-2023-12-13 No Perdido Clasificación Decimal Dewey No restringido Disponible para préstamos Colección General Teología Biblioteca CRAI UPeU Lima Biblioteca CRAI UPeU Lima Sala principal 2015-06-17 COMPRA